[Event "FIDE Grand Swiss 2021"]
[Site "Riga"]
[Date "27.10.2021"]
[Round "1"]
[White "Caruana, Fabiano"]
[Black "Chigaev, Maksim"]
[Result "1-0"]
[WhiteElo "2800"]
[BlackElo "2639"]
[EventDate "2021"]

1. e4 c5 2. Nf3 d6 3. d4 cxd4 4. Nxd4 Nf6 5. Nc3 a6 6. h3 e6 7. g4 h6 8. a3
Be7 9. Be3 Nc6 10. Rg1 Nd7 11. Be2 g5 12. Qd2 Nce5 13. O-O-O b5 14. h4 Bb7
15. hxg5 hxg5 16. Rh1 Rg8 17. Rh5 Rc8 18. Rdh1 Bf6 19. f3 Qe7 20. Kb1 Nc4
21. Bxc4 Rxc4 22. b3 Rc8 23. Nd5 exd5 24. Nf5 Qe6 25. Bxg5 Bc3 26. Qh2 Ne5
27. Rh6 Rg6 28. Rxg6 Qxg6 29. Qf4 Nxf3 30. Qxf3 dxe4 31. Qe3 Bg7 32. Qa7
Qxg5 33. Qxb7 Rd8 34. Rh7 1-0

[Event "FIDE Grand Swiss 2021"]
[Site "Riga"]
[Date "27.10.2021"]
[Round "1"]
[White "Tabatabaei, M. Amin"]
[Black "Aronian, Levon"]
[Result "1/2-1/2"]
[WhiteElo "2639"]
[BlackElo "2782"]
[EventDate "2021"]

1. d4 d5 2. c4 dxc4 3. Nf3 e6 4. e3 Nf6 5. Bxc4 a6 6. O-O c5 7. b3 Nbd7 8.
Nbd2 b6 9. Bb2 Bb7 10. Be2 Be7 11. Ne5 cxd4 12. Nxd7 Qxd7 13. Bxd4 b5 14.
Bf3 O-O 15. Bxf6 Bxf3 16. Nxf3 Qxd1 17. Rfxd1 gxf6 18. Rd7 Rfe8 19. g4 Kf8
20. Rc1 Rec8 21. Rcc7 Rxc7 22. Rxc7 Bd6 23. Rb7 Bc5 24. Kf1 Rc8 25. h4 h6
26. h5 Rc6 27. Ke2 Rc8 28. Kf1 Ke8 29. Nd2 Kf8 30. Ne4 Kg7 31. Kg2 Rc6 32.
Rb8 Bd6 33. Rd8 Bb4 34. Ra8 Bd6 35. f4 Bb4 36. Kf3 Be1 37. Ke2 f5 38. gxf5
exf5 39. Nd6 Rxd6 40. Kxe1 Kf6 41. Rc8 Ke6 42. Rh8 Ke7 43. Ke2 Kd7 44. Rf8
Ke7 45. Rc8 Kd7 46. Ra8 Ke7 47. Ra7+ Ke6 48. Kf3 Kf6 49. Ra8 Ke7 50. Ke2
Kd7 51. a4 bxa4 52. bxa4 Ke7 53. Rc8 Kd7 54. Rb8 Ke7 55. Rb7+ 1/2-1/2

[Event "FIDE Grand Swiss 2021"]
[Site "Riga"]
[Date "27.10.2021"]
[Round "1"]
[White "Firouzja, Alireza"]
[Black "Abasov, Nijat"]
[Result "1-0"]
[WhiteElo "2770"]
[BlackElo "2638"]
[EventDate "2021"]

1. e4 e5 2. Nf3 Nf6 3. d4 Nxe4 4. dxe5 d5 5. Nbd2 Be7 6. Nxe4 dxe4 7. Qxd8+
Bxd8 8. Nd4 Nd7 9. Bf4 Nc5 10. O-O-O c6 11. Bc4 Be7 12. Rhe1 a5 13. h3 h5
14. a3 Bd7 15. Kb1 b5 16. Ba2 O-O 17. g4 hxg4 18. hxg4 Bxg4 19. Nxc6 Rfe8
20. Rd5 Rac8 21. Na7 Ra8 22. Nxb5 Reb8 23. Nc7 Ra7 24. e6 Rab7 25. exf7+
Kf8 26. Be5 Nd7 27. Rxd7 Bxd7 28. Rh1 1-0

[Event "FIDE Grand Swiss 2021"]
[Site "Riga"]
[Date "27.10.2021"]
[Round "1"]
[White "Niemann, Hans Moke"]
[Black "Vachier-Lagrave, Maxime"]
[Result "1/2-1/2"]
[WhiteElo "2638"]
[BlackElo "2763"]
[EventDate "2021"]

1. Nf3 c5 2. c4 Nc6 3. Nc3 e5 4. e3 Nf6 5. d4 exd4 6. exd4 d5 7. Be2 cxd4
8. Nxd4 dxc4 9. Nxc6 Qxd1+ 10. Nxd1 bxc6 11. Bd2 Be6 12. Rc1 Ne4 13. Bxc4
Nxd2 14. Kxd2 Bb4+ 15. Ke2 Bg4+ 16. f3 Bd7 17. Nf2 Ke7 18. Rhd1 Rhd8 19.
Bb3 Be8 20. Nd3 Ba5 21. Ne5 Rxd1 22. Bxd1 Bc7 23. Nxc6+ Bxc6 24. Rxc6 Bxh2
25. Rc3 Rb8 26. Rb3 Rxb3 27. Bxb3 Be5 28. g4 Bxb2 29. Kf2 Bd4+ 30. Kg2 Bb2
31. Bc4 Bd4 32. Bb3 Bb2 33. Bc4 Bd4 1/2-1/2

[Event "FIDE Grand Swiss 2021"]
[Site "Riga"]
[Date "27.10.2021"]
[Round "1"]
[White "Vitiugov, Nikita"]
[Black "Dreev, Aleksey"]
[Result "1/2-1/2"]
[WhiteElo "2727"]
[BlackElo "2635"]
[EventDate "2021"]

1. c4 e6 2. Nf3 d5 3. d4 Nf6 4. g3 dxc4 5. Bg2 Bb4+ 6. Bd2 a5 7. Qc2 Bxd2+
8. Qxd2 c6 9. a4 b5 10. axb5 cxb5 11. Qg5 O-O 12. Qxb5 Ba6 13. Qxa5 Bb7 14.
Qxd8 Rxa1 15. Qxf8+ Kxf8 16. O-O Ra2 17. Nc3 Rxb2 18. Rc1 Nbd7 19. Kf1 Nb6
20. Ke1 g5 21. Kf1 h6 22. Ne5 Bxg2+ 23. Kxg2 Nfd5 24. Kf1 Nxc3 25. Rxc3
Rb1+ 26. Kg2 Rb3 27. Rc1 c3 28. Nd3 Nd5 29. Kf1 Ke7 30. Ke1 Nb4 31. Nxb4
Rxb4 32. Rxc3 Rxd4 1/2-1/2

[Event "FIDE Grand Swiss 2021"]
[Site "Riga"]
[Date "27.10.2021"]
[Round "1"]
[White "Harikrishna, Pentala"]
[Black "Kovalev, Vladislav"]
[Result "1/2-1/2"]
[WhiteElo "2719"]
[BlackElo "2634"]
[EventDate "2021"]

1. e4 e5 2. Nf3 Nc6 3. Bb5 a6 4. Ba4 Nf6 5. O-O Be7 6. Re1 b5 7. Bb3 d6 8.
c3 O-O 9. h3 Na5 10. Bc2 c5 11. d4 Qc7 12. Nbd2 Be6 13. d5 Bd7 14. Nf1 Nc4
15. Ng3 g6 16. b3 Nb6 17. Bg5 Rfc8 18. Qd2 a5 19. Qe2 c4 20. bxc4 Nxc4 21.
Bd3 Na3 22. Rac1 Kg7 23. Qe3 Ng8 24. Bxe7 Nxe7 25. Qg5 Ng8 26. Nf5+ Kf8 27.
Ne3 Qd8 28. Qxd8+ Rxd8 29. c4 bxc4 30. Nxc4 Nxc4 1/2-1/2

[Event "FIDE Grand Swiss 2021"]
[Site "Riga"]
[Date "27.10.2021"]
[Round "1"]
[White "Moussard, Jules"]
[Black "Dubov, Daniil"]
[Result "1/2-1/2"]
[WhiteElo "2632"]
[BlackElo "2714"]
[EventDate "2021"]

1. e4 e5 2. Nf3 Nc6 3. Bc4 Nf6 4. d3 h6 5. c3 d6 6. a4 g5 7. O-O Bg7 8. Re1
O-O 9. a5 a6 10. h3 d5 11. exd5 Nxd5 12. Qb3 Nde7 13. Be3 Bf5 14. Bc5 Bxd3
15. Bxd3 Qxd3 16. Bxe7 Nxe7 17. Nxe5 Qd5 18. Qxd5 Nxd5 19. Nd2 Rfe8 20.
Nec4 b5 21. axb6 Rxe1+ 22. Rxe1 cxb6 23. Ra1 b5 24. Ne3 Nxe3 25. fxe3 b4
26. cxb4 Bxb2 27. Ra4 Rb8 28. Rxa6 Bg7 29. Kf2 Rxb4 30. Kf3 Rb8 31. Ra2
1/2-1/2

[Event "FIDE Grand Swiss 2021"]
[Site "Riga"]
[Date "27.10.2021"]
[Round "1"]
[White "Alekseenko, Kirill"]
[Black "Shevchenko, Kirill"]
[Result "1-0"]
[WhiteElo "2710"]
[BlackElo "2632"]
[EventDate "2021"]

1. e4 c5 2. Nf3 d6 3. Bb5+ Nd7 4. d4 Nf6 5. Bd3 cxd4 6. Nxd4 Nc5 7. Nc3 e6
8. O-O Be7 9. Re1 O-O 10. Bf1 Qc7 11. a4 Rd8 12. Bf4 a6 13. e5 dxe5 14.
Bxe5 Qa5 15. Qf3 Ncd7 16. Bg3 Bb4 17. Rad1 Re8 18. Nb3 Qh5 19. Qe3 e5 20.
a5 e4 21. Rd4 Bxc3 22. Qxc3 Ne5 23. Nc5 Nc6 24. Nxe4 Nxe4 25. Rdxe4 Rxe4
26. Rxe4 Be6 27. b4 Rd8 28. Re1 Qd5 29. f3 h6 30. Rb1 Nd4 31. Bf2 Bf5 32.
Rd1 Nxf3+ 33. Qxf3 Qxd1 34. Qxf5 Rd6 35. c3 g6 36. Qc8+ Kh7 37. Qxb7 Rf6
38. Qe7 Rf5 39. Qe1 Qc2 40. Bd4 1-0

[Event "FIDE Grand Swiss 2021"]
[Site "Riga"]
[Date "27.10.2021"]
[Round "1"]
[White "Ponomariov, Ruslan"]
[Black "Fedoseev, Vladimir"]
[Result "1/2-1/2"]
[WhiteElo "2631"]
[BlackElo "2704"]
[EventDate "2021"]

1. e4 c5 2. Nf3 d6 3. d4 cxd4 4. Qxd4 Nc6 5. Bb5 a6 6. Bxc6+ bxc6 7. O-O e5
8. Qd3 Ne7 9. Rd1 Ng6 10. Na3 f6 11. Be3 Be6 12. Nc4 d5 13. Nb6 Nf4 14. Qf1
Rb8 15. exd5 Nxd5 16. Nxd5 cxd5 17. c4 Qa5 18. cxd5 Bxd5 19. Rac1 Rd8 20.
a3 Be7 21. b4 Qb5 22. Qxb5+ axb5 23. Bb6 Bxf3 24. gxf3 Rxd1+ 25. Rxd1 Kf7
26. Rd7 Ke6 27. Rb7 Rc8 28. Be3 Rc3 29. Rb6+ Kd7 30. Rxb5 Rxa3 31. Rb7+ Ke6
32. Rb6+ Kd7 33. Rb7+ Ke6 34. Rb6+ Kd7 35. Rb7+ 1/2-1/2

[Event "FIDE Grand Swiss 2021"]
[Site "Riga"]
[Date "27.10.2021"]
[Round "1"]
[White "Yu, Yangyi"]
[Black "Keymer, Vincent"]
[Result "1/2-1/2"]
[WhiteElo "2704"]
[BlackElo "2630"]
[EventDate "2021"]

1. e4 c6 2. d4 d5 3. e5 Bf5 4. Nf3 e6 5. Be2 c5 6. c3 Nc6 7. O-O Bg6 8. a3
Be7 9. b4 c4 10. a4 h5 11. Na3 h4 12. Nc2 a6 13. Bf4 Nh6 14. Ne3 Nf5 15.
Ng4 a5 16. b5 Nb8 17. h3 Nd7 18. Qd2 Nb6 19. Bd1 Kd7 20. Bc2 Rh5 21. Kh1
Qg8 22. Ng1 Rh8 23. Rae1 Rf8 24. Nf3 Rc8 25. Kg1 Bd8 26. Qc1 Be7 27. Bg5
Qd8 28. Bf4 Qg8 29. Re2 Rh5 30. Rfe1 Qf8 31. Bd1 Ba3 32. Qa1 Be7 33. Qc1
Ba3 34. Qa1 Be7 35. Ra2 Qd8 36. Qc1 Qg8 37. Nfh2 Rh8 38. Nf1 Ra8 39. Nd2
Rc8 40. Nf3 Rh5 1/2-1/2

[Event "FIDE Grand Swiss 2021"]
[Site "Riga"]
[Date "27.10.2021"]
[Round "1"]
[White "Durarbayli, Vasif"]
[Black "Maghsoodloo, Parham"]
[Result "0-1"]
[WhiteElo "2629"]
[BlackElo "2701"]
[EventDate "2021"]

1. e4 c5 2. Nf3 d6 3. d4 cxd4 4. Nxd4 Nf6 5. Nc3 Nc6 6. f3 e5 7. Nb3 Be7 8.
Be3 Be6 9. Qe2 O-O 10. O-O-O Qc8 11. g4 a5 12. g5 Ne8 13. Nd2 Rb8 14. a4 b5
15. axb5 Nd4 16. Qd3 Nc7 17. Bxd4 exd4 18. Qxd4 Bxg5 19. Rg1 Bh6 20. f4 Bg4
21. Re1 Bd7 22. f5 Bxb5 23. Kb1 Kh8 24. Rd1 Bxf1 25. Rgxf1 Rb4 26. Nc4 Bg5
27. Qd3 Bf6 28. Na2 Rb8 29. c3 Nb5 30. Ka1 a4 31. Nxd6 Nxd6 32. Qxd6 a3 33.
Qd5 Re8 34. Rfe1 h6 35. Qxf7 Rb7 36. Qd5 Re5 37. Qd6 axb2+ 38. Kb1 Ra7 39.
Rd5 Re8 40. Rb5 Rxa2 41. Kxa2 Qc4+ 42. Rb3 b1=Q+ 0-1

[Event "FIDE Grand Swiss 2021"]
[Site "Riga"]
[Date "27.10.2021"]
[Round "1"]
[White "Xiong, Jeffery"]
[Black "Zhou, Jianchao"]
[Result "1/2-1/2"]
[WhiteElo "2700"]
[BlackElo "2629"]
[EventDate "2021"]

1. e4 c5 2. Nc3 Nc6 3. Nf3 e5 4. Bc4 g6 5. d3 h6 6. a3 Bg7 7. b4 d6 8. Nd5
Nge7 9. Be3 b6 10. b5 Na5 11. Nxe7 Qxe7 12. Bd5 Bb7 13. Bxb7 Nxb7 14. O-O
f5 15. Qb1 O-O 16. Qa2+ Qf7 17. Rfd1 Qxa2 18. Rxa2 Kf7 19. g3 Rfd8 20. c4
a6 21. Rb1 a5 22. Re1 Rf8 23. Nd2 Nd8 24. f3 Ne6 25. Nb1 f4 26. Bc1 Kg8 27.
Rf1 g5 28. Nc3 Bf6 29. Rg2 Kh7 30. Nd5 Bd8 31. h4 fxg3 32. hxg5 hxg5 33.
Rxg3 Ra7 34. Kg2 Kg6 35. Rh1 Rh7 36. Rxh7 Kxh7 37. Rh3+ Kg6 38. Kg3 Nd4 39.
Kg4 Ne6 40. Rh1 Nd4 41. Rh3 Ne6 42. Rh2 Nd4 43. Be3 Ne6 44. Rh1 Rg8 45. Bf2
Rf8 46. Bg3 Ng7 47. Be1 Ne6 48. Rh2 Nd4 49. Bc3 Ne6 50. Ne3 Rf4+ 51. Kg3
Rh4 52. Nf5 Rxh2 53. Kxh2 Bc7 54. Ne7+ Kf7 55. Nd5 Bd8 56. Bd2 Kg6 57. Kg3
Ng7 58. Kg4 Ne8 59. Ne3 Nf6+ 60. Kh3 Kh5 61. Nf5 Ne8 62. Ng3+ Kg6 63. Ne2
Kh5 64. Kg3 Nf6 65. Kf2 Ne8 66. Ng3+ Kg6 67. Ke2 Ng7 68. Kd1 Bc7 69. Ke2
Ne6 70. Be3 Ng7 71. Kf2 Bd8 72. Kg2 Ne8 73. Ne2 Kh5 74. Kh3 Nf6 75. Bd2 Ne8
76. Nc3 Nf6 77. Kg3 Kg6 78. Nd5 Nxd5 79. cxd5 Kh5 80. a4 Bf6 81. Kh3
1/2-1/2

[Event "FIDE Grand Swiss 2021"]
[Site "Riga"]
[Date "27.10.2021"]
[Round "1"]
[White "Pichot, Alan"]
[Black "Artemiev, Vladislav"]
[Result "0-1"]
[WhiteElo "2628"]
[BlackElo "2699"]
[EventDate "2021"]

1. e4 e5 2. Nf3 Nc6 3. Bb5 Nf6 4. O-O Nxe4 5. Re1 Nd6 6. Nxe5 Be7 7. Bf1
Nxe5 8. Rxe5 O-O 9. d4 Ne8 10. c3 d6 11. Re1 d5 12. Bf4 Bd6 13. Bxd6 Nxd6
14. Nd2 Bf5 15. Qf3 Qg5 16. Qe3 Qxe3 17. Rxe3 Rfe8 18. Rae1 Rxe3 19. Rxe3
f6 20. f3 Kf7 21. Kf2 g5 22. Bd3 Bxd3 23. Rxd3 a5 24. Ke1 a4 25. Re3 c6 26.
Kd1 f5 27. Re5 Kf6 28. g3 h5 29. Kc2 b5 30. Kd3 Rb8 31. Re2 f4 32. gxf4
gxf4 33. b3 Nf5 34. Re1 Ra8 35. Re5 axb3 36. axb3 h4 37. h3 Ne3 38. Rh5 Nf5
39. Rh7 Rg8 40. Ra7 Rg3 41. c4 bxc4+ 42. bxc4 Ne7 43. cxd5 cxd5 44. Ne4+
dxe4+ 45. Kxe4 Ng6 46. Ra6+ Kg5 47. Ra5+ Kh6 48. d5 Rg5 49. Kd4 Rg1 50. Ke4
Kg5 51. d6+ Kf6 52. Ra6 Re1+ 53. Kd5 Kf5 54. Ra4 Ne5 0-1

[Event "FIDE Grand Swiss 2021"]
[Site "Riga"]
[Date "27.10.2021"]
[Round "1"]
[White "Svidler, Peter"]
[Black "Movsesian, Sergei"]
[Result "1/2-1/2"]
[WhiteElo "2694"]
[BlackElo "2627"]
[EventDate "2021"]

1. e4 c6 2. d4 d5 3. e5 c5 4. Nf3 cxd4 5. Nxd4 e6 6. c4 Nc6 7. Nc3 Bc5 8.
Nxc6 bxc6 9. Bd3 Ne7 10. O-O Ng6 11. Na4 Be7 12. f4 Ba6 13. Be3 O-O 14. Rc1
d4 15. Bd2 c5 16. Qh5 Bb7 17. b3 Qc7 18. Rce1 Rae8 19. Nb2 Qc6 20. Re2 Qa6
21. Bb1 Bc6 22. Nd3 Qb7 23. f5 exf5 24. Rxf5 Be4 25. Rff2 Qa8 26. Re1 Bh4
27. g3 Bd8 28. Qe2 f5 29. exf6 Bxf6 30. Qh5 Be7 31. Nxc5 Bxb1 32. Rxb1 Bxc5
33. Qxc5 Rxf2 34. Kxf2 Ne5 35. Qd5+ Qxd5 36. cxd5 Ng4+ 1/2-1/2

[Event "FIDE Grand Swiss 2021"]
[Site "Riga"]
[Date "27.10.2021"]
[Round "1"]
[White "Yilmaz, Mustafa"]
[Black "Eljanov, Pavel"]
[Result "1/2-1/2"]
[WhiteElo "2626"]
[BlackElo "2691"]
[EventDate "2021"]

1. d4 d5 2. c4 dxc4 3. e4 c5 4. d5 Nf6 5. Nc3 e6 6. Bxc4 exd5 7. exd5 a6 8.
a4 Bd6 9. Nf3 O-O 10. O-O Bg4 11. h3 Bh5 12. Re1 Nbd7 13. a5 Qc7 14. Be2
Rfe8 15. Ra4 Rad8 16. Nh4 b5 17. axb6 Nxb6 18. Rxa6 Bxe2 19. Rxe2 Qb7 20.
Rxe8+ Rxe8 21. Ra1 Nbxd5 22. Nf3 Bf8 23. Nxd5 Nxd5 24. Qa4 Rd8 25. Bg5 Rc8
26. Qc2 c4 27. Bd2 g6 28. Ra4 Nb6 29. Ra5 Nd7 30. Ra4 Qd5 31. Be3 Bg7 32.
Qd2 Qxd2 1/2-1/2

[Event "FIDE Grand Swiss 2021"]
[Site "Riga"]
[Date "27.10.2021"]
[Round "1"]
[White "Navara, David"]
[Black "Kravtsiv, Martyn"]
[Result "1/2-1/2"]
[WhiteElo "2691"]
[BlackElo "2625"]
[EventDate "2021"]

1. c4 e6 2. Nc3 d5 3. d4 Nf6 4. Nf3 c5 5. e3 Nc6 6. cxd5 Nxd5 7. Bd3 Be7 8.
O-O O-O 9. a3 cxd4 10. exd4 b6 11. Qc2 Nf6 12. Rd1 h6 13. Bf4 Bb7 14. Rac1
Rc8 15. d5 Nxd5 16. Nxd5 exd5 17. Qa4 Qd7 18. Nd4 Qg4 19. Nxc6 Bxc6 20.
Qxa7 Bxa3 21. bxa3 Qxf4 22. Qxb6 Ba4 23. Rxc8 Rxc8 24. Qa6 Bd7 25. Qb7 Qa4
26. Rb1 Be6 27. Qb4 Qxb4 28. axb4 Rc3 29. Bf1 Bf5 30. Rd1 Be6 31. f4 Rb3
32. f5 Bxf5 33. Rxd5 g6 34. b5 Kf8 35. Kf2 Ke7 36. Be2 Bd7 1/2-1/2

[Event "FIDE Grand Swiss 2021"]
[Site "Riga"]
[Date "27.10.2021"]
[Round "1"]
[White "Kuzubov, Yuriy"]
[Black "Van Foreest, Jorden"]
[Result "1/2-1/2"]
[WhiteElo "2624"]
[BlackElo "2691"]
[EventDate "2021"]

1. d4 d5 2. c4 c6 3. e3 Nf6 4. Nc3 Bf5 5. Nge2 e6 6. Ng3 Bg6 7. Bd3 Nbd7 8.
O-O Bd6 9. Re1 O-O 10. Bxg6 hxg6 11. e4 dxe4 12. Ngxe4 Nxe4 13. Nxe4 Be7
14. Be3 Nf6 15. Ng5 Qa5 16. Qe2 Rfd8 17. h3 Ne8 18. Nf3 Nd6 19. Bf4 Nf5 20.
Red1 Bf6 21. Be5 Rd7 22. g4 Ne7 23. h4 Rad8 24. a3 Qa4 25. Re1 Nc8 26. Rac1
Bxe5 27. dxe5 c5 28. Rc3 Ne7 29. Ng5 Rd1 30. Kg2 Nc6 31. Qf3 R1d7 32. h5
gxh5 33. Qe4 g6 34. gxh5 Ne7 35. hxg6 Nxg6 36. Nxe6 fxe6 37. Rg3 Rg7 38.
Rxg6 Qc6 39. Rxg7+ Kxg7 40. Qxc6 bxc6 41. Re3 a5 42. a4 Rd2 43. b3 Rb2 44.
Rg3+ Kh6 45. Rf3 Kg5 46. Rf6 Rxb3 47. Rxe6 Rc3 48. Rf6 Rxc4 49. Kf3 Rxa4
50. Ke3 Ra3+ 51. Ke4 Ra4+ 52. Kd3 Rd4+ 53. Kc3 a4 54. f4+ Kg4 55. e6 Re4
56. f5 Re2 57. Kd3 Re1 58. Kc2 c4 59. Rf8 a3 60. f6 a2 61. Ra8 Rxe6 62. f7
Rf6 63. Rxa2 Rxf7 64. Kc3 1/2-1/2

[Event "FIDE Grand Swiss 2021"]
[Site "Riga"]
[Date "27.10.2021"]
[Round "1"]
[White "Wojtaszek, Radoslaw"]
[Black "Martirosyan, Haik M."]
[Result "1-0"]
[WhiteElo "2691"]
[BlackElo "2624"]
[EventDate "2021"]

1. d4 Nf6 2. c4 e6 3. Nf3 d5 4. Nc3 Be7 5. Bf4 O-O 6. e3 Nbd7 7. Be2 dxc4
8. O-O Nb6 9. Qc2 Nfd5 10. Bg3 Bd7 11. Ne4 Nb4 12. Qb1 Bc6 13. a3 Bxe4 14.
Qxe4 N4d5 15. Rfc1 c5 16. dxc5 Bxc5 17. Bxc4 Nxc4 18. Rxc4 Bd6 19. Rac1
Bxg3 20. hxg3 h6 21. Qe5 b5 22. Rc5 b4 23. Nd4 Qd7 24. Nf5 f6 25. Qe4 bxa3
26. bxa3 Rf7 27. Nd4 Re8 28. Qc2 Nb6 29. Qb3 e5 30. Nc6 Kf8 31. a4 Nc8 32.
Rd1 Qg4 33. Rc4 Qe2 34. Nd8 Nb6 35. Rcc1 Rfe7 36. a5 Na8 37. Nb7 Qh5 38.
Nd6 Rd8 39. Qb4 f5 40. Rd2 Qg4 41. Rc4 Qg6 42. Nxf5 1-0

[Event "FIDE Grand Swiss 2021"]
[Site "Riga"]
[Date "27.10.2021"]
[Round "1"]
[White "Hovhannisyan, Robert"]
[Black "Korobov, Anton"]
[Result "1/2-1/2"]
[WhiteElo "2622"]
[BlackElo "2690"]
[EventDate "2021"]

1. e4 e5 2. Nf3 Nc6 3. Bb5 a6 4. Ba4 Nf6 5. O-O Be7 6. Nc3 b5 7. Bb3 d6 8.
a4 b4 9. Nd5 O-O 10. d4 Rb8 11. dxe5 Nxe5 12. Nxe5 dxe5 13. Nxf6+ Bxf6 14.
Be3 Qe7 15. Qe2 Bg5 16. Bxg5 Qxg5 17. a5 Bg4 18. f3 Bd7 19. Rfd1 Bb5 20.
Qf2 Rbd8 21. c4 bxc3 22. bxc3 h5 23. c4 Bd7 24. c5 Bb5 25. h4 Qe7 26. Rxd8
Rxd8 27. Rd1 Rxd1+ 28. Bxd1 Qd7 29. Be2 Qc6 30. Kh2 g6 1/2-1/2

[Event "FIDE Grand Swiss 2021"]
[Site "Riga"]
[Date "27.10.2021"]
[Round "1"]
[White "Kryvoruchko, Yuriy"]
[Black "Onyshchuk, Volodymyr"]
[Result "1-0"]
[WhiteElo "2686"]
[BlackElo "2622"]
[EventDate "2021"]

1. e4 c6 2. d4 d5 3. e5 Bf5 4. Nd2 e6 5. Nb3 h6 6. Nf3 a5 7. a4 Nd7 8. Be2
Ne7 9. O-O g5 10. Ne1 c5 11. dxc5 Bg7 12. f4 gxf4 13. Nd3 Bxd3 14. Bxd3
Nxe5 15. Bb5+ Kf8 16. Bxf4 N7g6 17. Bg3 h5 18. Nd4 Qe7 19. Kh1 Kg8 20. Bf2
Rc8 21. Qd2 Rxc5 22. Qxa5 Ng4 23. Qb4 Qc7 24. Bg3 Be5 25. Be8 Rc4 26. Qd2
Rh7 27. Nxe6 Qe7 28. Ng5 Qxe8 29. Nxh7 Bxg3 30. Qxd5 Kxh7 31. Qxc4 Nf2+ 32.
Rxf2 Bxf2 33. Rf1 1-0

[Event "FIDE Grand Swiss 2021"]
[Site "Riga"]
[Date "27.10.2021"]
[Round "1"]
[White "Brkic, Ante"]
[Black "Matlakov, Maxim"]
[Result "1-0"]
[WhiteElo "2621"]
[BlackElo "2682"]
[EventDate "2021"]

1. e4 e5 2. Nf3 Nf6 3. Nxe5 d6 4. Nf3 Nxe4 5. d4 d5 6. Bd3 Bf5 7. O-O Be7
8. Re1 O-O 9. Nbd2 Nd6 10. Nf1 Bxd3 11. Qxd3 c6 12. Bf4 Na6 13. h4 Nc7 14.
Ng5 g6 15. Nh2 f6 16. Ne6 Nxe6 17. Rxe6 Qd7 18. Rae1 Ne4 19. Rxe7 Qxe7 20.
f3 f5 21. Bg5 Qb4 22. c3 Qxb2 23. fxe4 dxe4 24. Qc4+ Rf7 25. a4 Qa3 26. Rb1
Qd6 27. Rxb7 Qd5 28. Qa6 c5 29. Rb5 Rc7 30. Bf4 Rc6 31. Qb7 Rd8 32. Qxa7
1-0

[Event "FIDE Grand Swiss 2021"]
[Site "Riga"]
[Date "27.10.2021"]
[Round "1"]
[White "Gelfand, Boris"]
[Black "Kollars, Dmitrij"]
[Result "0-1"]
[WhiteElo "2680"]
[BlackElo "2621"]
[EventDate "2021"]

1. c4 e5 2. Nc3 Nf6 3. Nf3 Nc6 4. e4 Bb4 5. d3 d6 6. Be2 O-O 7. O-O h6 8.
a3 Bxc3 9. bxc3 Nh7 10. Be3 f5 11. exf5 Bxf5 12. d4 e4 13. Nd2 Nf6 14. g4
Bg6 15. Kh1 Qe7 16. Rg1 Nh7 17. Qb3 Nd8 18. c5+ Kh8 19. cxd6 cxd6 20. Bc4
Rc8 21. Rae1 Bf7 22. Bxf7 Nxf7 23. Rg3 Nfg5 24. Qd5 Rce8 25. h3 Rf7 26. Kg1
Qf8 27. Bxg5 Nxg5 28. h4 Rxf2 29. hxg5 Qf4 30. Ree3 Rxd2 31. Qf5 Rf8 32.
Qxf4 Rxf4 33. gxh6 gxh6 34. Re1 Kg7 35. Rb1 b6 36. Rb5 Rd3 37. Rg2 Rxc3 38.
Rd5 Rc6 39. Kh2 Kg6 40. a4 a6 41. Kg3 Rf3+ 42. Kh4 e3 43. Re2 b5 44. axb5
axb5 45. Rxb5 Rc1 46. Rbb2 Rh1+ 47. Rh2 Rxh2+ 48. Rxh2 Rf4 49. Kg3 Rxd4 50.
Kf3 d5 51. Kxe3 Rxg4 52. Ra2 Re4+ 53. Kf3 h5 54. Ra8 Re5 55. Rg8+ Kf7 56.
Ra8 Rf5+ 57. Ke3 Kg7 58. Rb8 h4 59. Rb4 Rh5 60. Kf2 h3 61. Kg1 h2+ 62. Kh1
Kf6 0-1

[Event "FIDE Grand Swiss 2021"]
[Site "Riga"]
[Date "27.10.2021"]
[Round "1"]
[White "Yakubboev, Nodirbek"]
[Black "Mamedov, Rauf"]
[Result "1-0"]
[WhiteElo "2621"]
[BlackElo "2673"]
[EventDate "2021"]

1. d4 Nf6 2. c4 g6 3. Nc3 Bg7 4. e4 d6 5. Be2 O-O 6. Nf3 e5 7. O-O Bg4 8.
d5 a5 9. Be3 Na6 10. a3 Nh5 11. h3 Bd7 12. Re1 Qe8 13. Nb5 Qd8 14. b4 Nf4
15. Bf1 h6 16. c5 Qe8 17. a4 Qe7 18. cxd6 cxd6 19. bxa5 Nc5 20. Rc1 Rxa5
21. Bxc5 dxc5 22. d6 Qd8 23. Rxc5 Ne6 24. Rxe5 Qb6 25. Rd5 Rfa8 26. Nc7
Nxc7 27. dxc7 Rxd5 28. exd5 Qxc7 29. d6 Qc5 30. Re4 Bc6 31. Rc4 Qa3 32. Rf4
Rd8 33. Bc4 Rxd6 34. Bxf7+ Kh7 35. Qe1 Bxa4 36. Kh2 Rf6 37. Rxf6 Bxf6 38.
Qe4 Kh8 39. Qxg6 Bg7 40. Bd5 Qe7 41. Qb6 Bc6 42. Bxc6 Qd6+ 43. g3 bxc6 44.
Qa5 c5 45. Qa8+ Kh7 46. Qe4+ Qg6 47. Qc4 Qf6 48. Qc2+ Kg8 49. Nh4 Bf8 50.
Nf5 h5 51. h4 Qf7 52. Kg1 Qh7 53. Qe4 Qf7 54. Ne3 Bg7 55. Nd5 Kh8 56. Kg2
Kg8 57. Ne7+ Kh8 58. Ng6+ Kg8 59. Ne7+ Kh8 60. Nf5 Bf8 61. Qe5+ Kg8 62. Ne3
Kh7 63. Nd5 Bg7 64. Qd6 Bd4 65. Nf4 Qb7+ 66. f3 Qf7 67. Ne6 Qb7 68. Qf8 Be3
69. Qf5+ Kh6 70. Qe5 Bd4 71. Qg5+ Kh7 72. Qxh5+ Kg8 73. Qg6+ Kh8 74. Ng5
1-0

[Event "FIDE Grand Swiss 2021"]
[Site "Riga"]
[Date "27.10.2021"]
[Round "1"]
[White "Adhiban, Baskaran"]
[Black "Sethuraman, S.P."]
[Result "1/2-1/2"]
[WhiteElo "2672"]
[BlackElo "2620"]
[EventDate "2021"]

1. e4 e5 2. Nf3 Nf6 3. Nxe5 d6 4. Nf3 Nxe4 5. Qe2 Qe7 6. d3 Nf6 7. Nc3
Qxe2+ 8. Bxe2 g6 9. Nd4 Bg7 10. h3 a6 11. Be3 Bd7 12. Bf3 Nc6 13. Kd2 Nxd4
14. Bxd4 O-O-O 15. Rae1 Be6 16. b4 Rhe8 17. h4 h5 18. a3 Bh8 19. g3 Nd7 20.
Bxh8 Rxh8 21. Bg2 Nf6 22. Re2 Rde8 23. Rhe1 c6 24. a4 Kc7 25. a5 Kd8 26.
Ne4 Nxe4+ 27. Rxe4 Kd7 28. c4 Rb8 29. c5 d5 30. Re5 Rbe8 31. d4 f6 32. R5e3
Re7 33. Bf1 Rhe8 34. Bd3 f5 35. Re5 Bf7 36. f4 Re6 37. Ke3 R6e7 38. Kf2 Re6
39. Bc2 R6e7 40. Ra1 Ra8 41. Bb3 Be6 42. Ra3 Ree8 43. Ba2 Re7 44. Bb1 Bf7
45. Kg2 Re6 46. Rae3 Rae8 47. Kf2 R6e7 48. Ke2 Re6 49. Kd2 Rg8 50. Bd3 Rh8
51. Bb1 Rg8 52. Bc2 Rh8 53. Ba4 Ke7 54. Kc3 Ra8 55. Bc2 Kf6 56. Bd3 Ke7 57.
Kd2 Kf6 58. Ke2 Ke7 59. Kf2 Rh8 60. Kg2 Kf6 61. Bc2 Ke7 62. Ra3 Ra8 63.
Rae3 Rh8 64. Bd3 Kf6 65. Re1 Ke7 66. Rb1 Ra8 67. Rb2 Kf6 68. Rb1 Ke7 69.
Rb2 Kf6 70. Rb1 1/2-1/2

[Event "FIDE Grand Swiss 2021"]
[Site "Riga"]
[Date "27.10.2021"]
[Round "1"]
[White "Antipov, Mikhail Al."]
[Black "Predke, Alexandr"]
[Result "0-1"]
[WhiteElo "2619"]
[BlackElo "2666"]
[EventDate "2021"]

1. e4 e5 2. Nf3 Nc6 3. Bb5 a6 4. Ba4 Nf6 5. d3 d6 6. c3 Be7 7. O-O O-O 8.
Re1 Re8 9. Nbd2 Bf8 10. a3 d5 11. b4 dxe4 12. dxe4 Bd7 13. Bb3 Be6 14. Bxe6
Rxe6 15. Bb2 Nb8 16. Qb3 Nbd7 17. Ng5 Re7 18. Rad1 h6 19. Ngf3 Re6 20. c4
a5 21. c5 axb4 22. axb4 b6 23. Nc4 bxc5 24. Nfxe5 Qe8 25. Nxd7 Nxd7 26. Qd3
Nb6 27. bxc5 Na4 28. Bd4 Rd8 29. Qc2 Nxc5 30. f3 Ra6 31. Be3 Rda8 32. Qe2
Qe6 33. Rd2 Ra1 34. Rc2 Nb3 35. Rxa1 Rxa1+ 36. Kf2 Be7 37. g4 h5 38. h3
hxg4 39. hxg4 Qf6 40. g5 Qg6 41. Ne5 Qh5 42. Ng4 Bd6 43. f4 Qh4+ 44. Kg2
Bxf4 0-1